000 00647nam a2200229Ia 4500
003 BUBTL
008 151213s9999 xx 000 0 und d
082 _2658.4012 / P9332s
100 _aH, Richard Priesmyeh
_92703
245 _aStrategy : A Business Unite Simulation . Administration Manual
_cH, Richard Priesmyeh
250 _a2nd
260 _aU S A
_bSuoth Western
_c1992
300 _ax, 223p.
_bills.:
_c29cm.
500 _aIncludes index
521 _bPurchase
650 _aBusiness
_92704
650 _aStrategy
_92705
700 _aH, Richard Priesmyeh
_92703
856 _k0
_l0
_yDownload
942 _2ddc
_cBK
999 _c1996
_d1996